Short shorts : an anthology of the shortest stories /

Bibliographic Details
Other Authors: Howe, Irving, Howe, Ilana Wiener
Format: Book
Language:English
Published: Boston, Mass. : D.R. Godine, 1982.
Edition:1st ed.
Subjects:

MARC

Tag First Indicator Second Indicator Subfields
LEADER 00000pam a2200000 a 4500
001 in00000090659
005 20151008065736.0
008 820204s1982 mau 00001 eng
010 |a  81085128  
020 |a 0879234318 :  |c $12.95 
035 |a (OCoLC)08195696 
035 |9 AAK6496AM 
039 0 |a 2  |b 3  |c 3  |d 3  |e 3 
040 |a DLC  |c DLC  |d TXA  |d UtOrBLW 
049 |a TXAM  |c [388665] 
050 0 0 |a PN6120.2  |b  S47 1982 
082 0 |a 808.83/1  |2 19 
245 0 0 |a Short shorts :  |b an anthology of the shortest stories /  |c edited by Irving Howe and Ilana Weiner Howe ; with an introduction by Irving Howe. 
250 |a 1st ed. 
264 1 |a Boston, Mass. :  |b D.R. Godine,  |c 1982. 
300 |a xvii, 262 pages ;  |c 20 cm. 
336 |a text  |b txt  |2 rdacontent 
337 |a unmediated  |b n  |2 rdamedia 
338 |a volume  |b nc  |2 rdacarrier 
650 0 |a Short stories. 
700 1 |a Howe, Irving. 
700 1 |a Howe, Ilana Wiener. 
999 |a MARS 
999 f f |s ceb7e648-fc83-33de-85aa-4b5a9d0e2e85  |i b8f66869-3766-3aa1-ba3c-167b2916e4a5  |t 0 
952 f f |p ric  |a Texas A&M University  |b Rellis Campus  |c Joint Library Facility  |d Remote Storage  |t 0  |e PN6120.2 S47 1982  |h Library of Congress classification  |i unmediated -- volume  |m A14806000568 
998 f f |a PN6120.2 S47 1982  |t 0  |l Remote Storage